Rokovací poriadok Národnej rady Slovenskej republiky.

Uloženo v:
Podrobná bibliografie
Médium: Kniha
Jazyk:slovenština
Vydáno: Bratislava : Kancelária Národnej rady Slovenskej republiky 2010
Vydání:1. vyd.
Témata:
ISBN:9788089052516
On-line přístup: Získat plný text
Tagy: Přidat tag
Žádné tagy, Buďte první, kdo vytvoří štítek k tomuto záznamu!

MARC

LEADER 00000nam a2200000 4500
003 SK-BrCVT
005 20220617224356.0
008 100811s2010 xo e ||||||slo d
020 |a 9788089052516 
035 |a CVTIDW0001749 
040 |b slo  |a CVTI SR  |e AACR2 
041 0 |a slo 
044 |a xo 
080 |a 328.1(437.6)  |2 UDC-MRF 
110 2 |a Národná rada Slovenskej republiky (Bratislava, Slovensko)  |4 oth 
245 1 0 |a Rokovací poriadok Národnej rady Slovenskej republiky. 
250 |a 1. vyd. 
260 |c 2010  |a Bratislava :  |b Kancelária Národnej rady Slovenskej republiky 
300 |a 90 s. 
653 1 |a národný parlament 
653 1 |a legislatíva 
910 |b A611342 
919 |a 978-80-89052-51-6 
959 |a 02 
974 |a Jelinkova  |f Knihy 
992 |a IZK 
999 |c 156960  |d 156960